=LDR 00000nam 2200000 4500 =001 INLIS000000000035787 =005 20130612141622 =008 ***********************************Ind** =035 ##$$0010-061300000035787 =041 ##$$a Ind =090 ##$$a 350.12, Wat s =245 ##$$a Sukses Finensial, Melalui kekuatan pikiran yang kreatif, Wallaca D Wattles =260 ##$$a 1990 $b Semarang =300 ##$$a 120 hlm , 21 cm =850 ##$$a NBPNMAT